Wavelet applications VII : 26-28 April 2000, Orlando, Florida /

Bibliographic Details
Corporate Author: Society of Photo-optical Instrumentation Engineers
Other Authors: Szu, Harold H.
Format: Book
Language:English
Published: Bellingham, Washington : SPIE, [2000]
Series:Proceedings of SPIE--the International Society for Optical Engineering ; v. 4056.
Subjects:
Online Access:https://www.spiedigitallibrary.org/conference-proceedings-of-SPIE/4056.toc?SSO=1

MARC

Tag First Indicator Second Indicator Subfields
LEADER 00000cam a2200000 a 4500
001 in00001543021
005 20230531222748.2
008 000601s2000 waua b 101 0 eng d
020 |a 0819436828 
035 |a (OCoLC)ocm44160627 
040 |a LHL  |c LHL  |d TXA  |d UtOrBLW 
049 |a TXAM 
090 |a QA403.3  |b .W38 2000 
245 0 0 |a Wavelet applications VII :  |b 26-28 April 2000, Orlando, Florida /  |c Harold H. Szu, chair/editor ; sponsored and published by SPIE--the International Society for Optical Engineering. 
246 3 0 |a Wavelet applications seven 
246 3 |a Wavelet applications 7 
264 1 |a Bellingham, Washington :  |b SPIE,  |c [2000] 
264 4 |c ©2000 
300 |a xiii, 552 pages :  |b illustrations ;  |c 28 cm. 
336 |a text  |b txt  |2 rdacontent 
337 |a unmediated  |b n  |2 rdamedia 
338 |a volume  |b nc  |2 rdacarrier 
490 1 |a Proceedings / SPIE--the international society for optical engineering ;  |v v. 4056 
504 |a Includes bibliographical references and index. 
650 0 |a Wavelets (Mathematics)  |v Congresses. 
650 0 |a Image processing  |v Congresses. 
650 0 |a Image compression  |v Congresses. 
650 0 |a Signal processing  |v Congresses. 
650 0 |a Remote sensing  |v Congresses. 
700 1 |a Szu, Harold H. 
710 2 |a Society of Photo-optical Instrumentation Engineers. 
830 0 |a Proceedings of SPIE--the International Society for Optical Engineering ;  |v v. 4056. 
856 4 1 |u https://www.spiedigitallibrary.org/conference-proceedings-of-SPIE/4056.toc?SSO=1  |t 0 
948 |a cataloged  |b h  |c 2000/6/5  |d c  |e dmitchel  |f 4:20:08 pm 
994 |a E0  |b TXA 
999 |a MARS 
999 f f |s 1f97776e-6ce0-3d34-9aa4-ea9ef0af4c66  |i 9fc32cda-ae9a-314c-b736-bb210ac5e2f2  |t 0 
952 f f |p ric  |a Texas A&M University  |b Rellis Campus  |c Joint Library Facility  |d Remote Storage  |t 0  |e QA403.3 .W38 2000  |h Library of Congress classification  |i unmediated -- volume  |m A14826289815 
998 f f |a QA403.3 .W38 2000  |t 0  |l Remote Storage